Catálogo
 En Linea
Vista normal Vista MARC

Entrada Nombre personal

Número de registros utilizados en: 2

001 - NÚMERO DE CONTROL

  • campo de control: 54412

003 - IDENTIFICADOR DEL NÚMERO DE CONTROL

  • campo de control: BNPHU

005 - FECHA Y HORA DE LA ÚLTIMA TRANSACCIÓN

  • campo de control: 20240305102159.0

008 - DATOS DE LONGITUD FIJA

  • campo de control de longitud fija: 200615|| aca||aabn | a|a d

040 ## - FUENTE DE LA CATALOGACIÓN

  • Centro catalogador/agencia de origen: DO-SdBNP
  • Lengua de catalogación: spa
  • Centro/agencia transcriptor: BNPHU
  • Normas de descripción: rda

100 1# - ENCABEZAMIENTO-NOMBRE DE PERSONA

  • Nombre de persona: Peña Pérez, Frank,
  • Fechas asociadas al nombre: 1948-

370 ## - LUGAR ASOCIADO

  • Lugar de nacimiento: Santiago de los Caballeros (República Dominicana)

374 ## - OCUPACIÓN

  • Ocupación: Historiador

375 ## - GÉNERO/SEXO

  • Género/Sexo: Masculino

377 ## - LENGUA/LENGUAJE ASOCIADO

  • Código del idioma: spa

400 1# - TRAZADO DE VÉASE--NOMBRE DE PERSONA

  • Nombre de persona: Pérez, Frank Peña,
  • Fechas asociadas al nombre: 1948-

670 ## - FUENTE DE DATOS ENCONTRADOS

  • Cita de la fuente: Work cat.: (OSt)26825: Peña Pérez, Frank, Antonio Osorio monopolio, contrabando y despoblación /, 1980.

670 ## - FUENTE DE DATOS ENCONTRADOS

  • Cita de la fuente: Antonio Osorio, monopolio, contrabando y despoblación, 1980: |b t.p.
  • Información encontrada: (Frank Peña Pérez) solapa de la cubierta (n. Santiago de los Caballeros, D.R., 11/27/1948; prof. de la Univ. Católica Madre y Maestra, Santiago, Rep. Dom.)

Con tecnología Koha